[Event "Noisiel op 9th"]
[Site "Noisiel"]
[Date "2024.04.09"]
[Round "5"]
[White "Keenan, Cathal"]
[Black "Elgersma, Onno"]
[Result "1/2-1/2"]
[WhiteElo "2004"]
[BlackElo "2352"]
[PlyCount "114"]
[EventDate "2024.04.06"]
[EventType "swiss"]
[EventRounds "9"]
[EventCountry "FRA"]
[SourceTitle "CB16_2024"]
[SourceDate "2024.04.17"]
[SourceVersion "1"]
[SourceVersionDate "2024.04.17"]
[SourceQuality "1"]

1. e4 e6 2. d3 d5 3. Qe2 Nf6 4. Nf3 c5 5. g3 Nc6 6. Bg2 Be7 7. 0-0 0-0 8. e5 Nd7 9. c4 Nb6 10. b3 a5 11. a4 Bd7 12. Na3 Nb4 13. h4 Bc6 14. Rd1 Qd7 15. h5 h6 16. Bf4 Rfd8 17. Nh2 dxc4 18. dxc4 Nd3 19. Bxc6 Nxf4 20. gxf4 Qxc6 21. Nb5 Rxd1+ 22. Rxd1 Rd8 23. Rxd8+ Bxd8 24. Nf1 f5 25. Qd2 Qd7 26. Qd6 Qxd6 27. Nxd6 Nd7 28. Nxb7 Bb6 29. Nd2 Nb8 30. Nf3 Nc6 31. Kf1 Kh7 32. Nh4 Ne7 33. Nd6 Bd8 34. Ne8 Kg8 35. Ng6 Nxg6 36. hxg6 Kf8 37. Nd6 Ke7 38. Kg2 Bc7 39. Nb7 Bb6 40. Kh3 Kd7 41. Kh4 Bd8+ 42. Kh5 Bb6 43. Nd6 Bc7 44. Nf7 Ke7 45. Nxh6 Bb8 46. Nf7 Bc7 47. Ng5 Kd7 48. Nh7 Bd8 49. Nf6+ Ke7 50. f3 Bc7 51. Nd5+ Kd7 52. Ne3 Bd8 53. Ng4 Ke8 54. Nh6 Kf8 55. Nf7 Be7 56. Nh8 Ke8 57. Nf7 Kf8 1/2-1/2

[Event "IRL-ch 102nd"]
[Site "Dublin"]
[Date "2023.08.05"]
[Round "1"]
[White "Kennedy, John"]
[Black "Keenan, Cathal"]
[Result "1-0"]
[WhiteElo "2076"]
[BlackElo "1892"]
[PlyCount "106"]
[EventDate "2023.08.05"]
[EventType "swiss"]
[EventRounds "9"]
[EventCountry "IRL"]
[SourceTitle "CBM 215 Extra"]
[Source "ChessBase"]
[SourceDate "2023.09.30"]
[SourceVersion "1"]
[SourceVersionDate "2023.09.30"]
[SourceQuality "1"]

1. Nf3 d5 2. g3 Nc6 3. d4 Bg4 4. Bg2 Qd7 5. 0-0 0-0-0 6. Bf4 f6 7. c4 dxc4 8. Qa4 Kb8 9. Nc3 Bxf3 10. exf3 Nxd4 11. Qxc4 e5 12. Be3 Qc6 13. Qxc6 Nxc6 14. f4 exf4 15. Bxf4 Bd6 16. Be3 Nge7 17. Nb5 Nf5 18. Bxc6 Nxe3 19. fxe3 bxc6 20. Nd4 Kb7 21. Rac1 Rde8 22. Rc3 c5 23. Nf5 Bf8 24. Rb3+ Kc6 25. Rc1 g6 26. Nd4+ Kd5 27. Nb5 Bd6 28. Nxa7 Ra8 29. Nb5 c4 30. e4+ Ke5 31. Rxc4 Rxa2 32. Nxc7 Bxc7 33. Rb5+ Kd6 34. Rd5+ Ke6 35. Rc6+ Ke7 36. Rxc7+ Ke6 37. Rc6+ Ke7 38. Rb5 Rd8 39. Rb7+ Rd7 40. Rxd7+ Kxd7 41. Rxf6 Rxb2 42. Rf7+ Ke6 43. Rxh7 Re2 44. Rh4 Ke5 45. Rg4 Kf6 46. h4 Ra2 47. e5+ Kxe5 48. Rxg6 Kf5 49. Rg8 Kf6 50. Rf8+ Kg6 51. Rf2 Ra3 52. Kg2 Kh5 53. Rf5+ Kg6 1-0